000 00528nam a2200205Ia 4500
001 8902
003 GE_BSU
008 181216s||||||||xx |||||||||||||| ||und||
040 _cGE_BSU
080 _a02064952
245 _aИммунология.Том 34. №6 2013
245 _bНоябрь-Декабрь
245 _cРед.Е.И.Константинова
260 _aМосква
260 _bМедицина
260 _c2013
300 _a344стр.28см.
653 _aИммунология.
942 _cCR
999 _c42209
_d42209